Handy science and technology GK hand book (Record no. 177207)

000 -LEADER
fixed length control field 00407nam a2200133Ia 4500
008 - FIXED-LENGTH DATA ELEMENTS--GENERAL INFORMATION
fixed length control field 220217s9999||||xx |||||||||||||| ||und||
020 ## - INTERNATIONAL STANDARD BOOK NUMBER
International Standard Book Number 81-7992-470-X
082 ## - DEWEY DECIMAL CLASSIFICATION NUMBER
Classification number 410 BOD
100 ## - MAIN ENTRY--PERSONAL NAME
Personal name Bobick, James, E. and Balaban, Naomi, E
9 (RLIN) 5963
245 #0 - TITLE STATEMENT
Title Handy science and technology GK hand book
260 ## - PUBLICATION, DISTRIBUTION, ETC.
Place of publication, distribution, etc. Jaico publishing house
Name of publisher, distributor, etc. New Delhi
Date of publication, distribution, etc. 2007
300 ## - PHYSICAL DESCRIPTION
Other physical details 395
650 ## - SUBJECT ADDED ENTRY--TOPICAL TERM
Topical term or geographic name entry element GENERAL KNOWLEDGE
9 (RLIN) 3314
Holdings
Withdrawn status Lost status Damaged status Not for loan Collection code Home library Current library Shelving location Date acquired Full call number Barcode Date last seen Price effective from Koha item type
        Computer Science and Engineering Central Library Central Library Reference 02/18/2022 410 BOD 12396 02/18/2022 02/18/2022 Books

Powered by Koha